| 000 | 00444nam a2200157 i 4500 | ||
|---|---|---|---|
| 001 | 57911 | ||
| 003 | ES-MaACL | ||
| 005 | 20230906163659.0 | ||
| 007 | t| | ||
| 008 | 031020s1926 fr ||||1| fre d | ||
| 100 | 1 |
_aDumas. _945979 |
|
| 245 | 1 | 3 |
_aLa circulation sanguine perpherique et ses troubles / _cpar Dumas. |
| 260 |
_aParís : _bG. Doin, _c1926 ( _eEvreux : _fHérissey) |
||
| 300 |
_aIV, 376 p. ; _c25 cm. |
||
| 852 |
_aES-MaACL _jB-11543 |
||
| 999 |
_c57911 _d57911 |
||